000 00607nam a2200193Ia 4500
003 GCL
008 140319s9999 xx 000 0 ara d
040 _aGCL /
_cGCL
082 0 4 _a457
_bح ك
100 1 _aحسان بن بكر امين
245 1 0 _aالكيمياء العضوية العملية الجزء الاول /
_cحسان بن بكر امين
700 1 _aحسن بن محمد الحازمى
300 _a260 ص
490 _aكتاب
_v0
650 0 4 _aالكيمياء العضوية
650 0 4 _aالمركبات العضوية
650 0 4 _aدرجة الغليان
942 _2ddc
_cBK
999 _c42459
_d42459